English Pottery (Record no. 2256)

MARC details
000 -CABECERA
campo de control de longitud fija 00882nam a2200229 a 4500
001 - NÚMERO DE CONTROL
campo de control BRCA_2515
005 - FECHA Y HORA DE LA ÚLTIMA TRANSACCIÓN
campo de control 20190320203839.0
008 - DATOS DE LONGITUD FIJA--INFORMACIÓN GENERAL
campo de control de longitud fija 251108s1924----nyua---###---#000-0#eng-u
050 #4 - SIGNATURA TOPOGRÁFICA DE LA BIBLIOTECA DEL CONGRESO
Número de clasificación NK4085
Número de documento/Ítem .R12 1924
100 1# - ENTRADA PRINCIPAL--NOMBRE DE PERSONA
Nombre de persona Rackham, Bernard
9 (RLIN) 7228
245 10 - MENCIÓN DE TÍTULO
Título English Pottery
Resto del título its Development from Early Times to the end of the Eighteenth Century
Mención de responsabilidad, etc. by Bernard Rackham and Herbert Read both of the Victoria and Albert Museum with an appendix on the Wrotham potters by J. W. L. Glaisher.
260 ## - PUBLICACIÓN, DISTRIBUCIÓN, ETC.
Lugar de publicación, distribución, etc. New York
Nombre del editor, distribuidor, etc. Charles Scribner´s Sons
Fecha de publicación, distribución, etc. 1924
300 ## - DESCRIPCIÓN FÍSICA
Extensión xxiv, 142 p.
Otras características físicas il. (algunas a color), 115 láminas
Dimensiones 28 cm.
500 ## - NOTA GENERAL
Nota general A6
650 14 - PUNTO DE ACCESO ADICIONAL DE MATERIA--TÉRMINO DE MATERIA
Término de materia o nombre geográfico como elemento de entrada Cerámica inglesa
9 (RLIN) 7229
650 14 - PUNTO DE ACCESO ADICIONAL DE MATERIA--TÉRMINO DE MATERIA
Término de materia o nombre geográfico como elemento de entrada Cerámica
Subdivisión general Historia
9 (RLIN) 1463
650 14 - PUNTO DE ACCESO ADICIONAL DE MATERIA--TÉRMINO DE MATERIA
Término de materia o nombre geográfico como elemento de entrada Wrotham, Cerámica de
9 (RLIN) 7230
700 1# - PUNTO DE ACCESO ADICIONAL--NOMBRE DE PERSONA
Nombre de persona Read, Herbert
Término indicativo de función/relación coaut.
9 (RLIN) 7231
700 1# - PUNTO DE ACCESO ADICIONAL--NOMBRE DE PERSONA
Nombre de persona Glaisher, J. W. L
Término indicativo de función/relación coaut.
9 (RLIN) 7232
902 ## - CATALOGADOR
Iniciales GFM
942 ## - ELEMENTOS DE PUNTO DE ACCESO ADICIONAL (KOHA)
Fuente del sistema de clasificación o colocación Library of Congress Classification
Tipo de ítem Koha Libros
Holdings
Estado de retiro Estado de pérdida Estado dañado No para préstamo Localización permanente Ubicación/localización actual Fecha de adquisición Número de inventario Total de préstamos Signatura topográfica completa Código de barras Fecha visto por última vez Precio válido a partir de Tipo de ítem Koha
El ejemplar forma parte de la colección y puede ser consultado según las políticas vigentes.       Biblioteca del Museo Franz Mayer (Rogerio Casas-Alatriste) Biblioteca del Museo Franz Mayer (Rogerio Casas-Alatriste) 25/11/2008 A6   NK4085 .R12 1924 (A6) 2512 22/03/2019 22/03/2019 Libros